00413nam a2200181Ia 4500008004100000020001800041050001400059100001500073245002600088245001800114260001500132260001600147260000900163300001400172300002700186300001000213500000800223170918s9999 xx 000 0 und d a9780545300377 bL735 1999 aLin, Grace 4aThe ugly vegetables / cby Grace Lin. aNew York : bScholastic, c1999 aunpaged : bcolored illustration ; c20cm. a390